000 00541nam a2200181 a 4500
005 20230608063623.0
008 991125s1939 mx 000 0 spa u
035 _aUPN01000030186
049 _aLT
050 4 _aLB1584 M6
_bB6.4 1939
100 1 _aBonilla Ruano, José María,
_d1898-1957
_935377
245 1 0 _aIndividualismo y socialismo /
_cJosé María Bonilla.
250 _a2a ed.
260 _aMéxico :
_bHerrero,
_c1939.
300 _a134 p.
650 4 _aCiencias sociales
_xEstudio y enseñanza (Elemental)
_92813
905 _aLibro
999 _c30186
_d30186